Nuestra vida sexual (Record no. 85966)

MARC details
000 -LEADER
campo de control de longitud fija 00736nam a2200217 i 4500
001 - NÚMERO DE CONTROL
campo de control 85966
003 - IDENTIFICADOR DE NÚMERO DE CONTROL
campo de control ES-MaACL
005 - FECHA Y HORA DE LA ÚLTIMA TRANSACCIÓN
campo de control 20250819170004.0
007 - CAMPO FIJO DE DESCRIPCIÓN FÍSICA--INFORMACIÓN GENERAL
campo de control de longitud fija t|
008 - DATOS DE LONGITUD FIJA--INFORMACIÓN GENERAL
campo de control de longitud fija 041203s1954 sp ||||1| spa d
100 1# - ENTRADA PRINCIPAL--NOMBRE DE PERSONA
Nombre de persona Kahn, Fritz.
9 (RLIN) 67420
245 10 - MENCIÓN DEL TÍTULO
Título Nuestra vida sexual
Resto del título : sus problemas : sus soluciones : consejos prácticos de higiene sexual /
Mención de responsabilidad, etc. Fritz Kahn ; [versión española de Pablo Elvira y Francisco Narbona].
250 ## - MENCION DE EDICION
Mención de edición [1ª ed.].
260 ## - PUBLICACIÓN, DISTRIBUCIÓN, ETC.
Lugar de publicación, distribución, etc. Barcelona :
Nombre del editor, distribuidor, etc. Planeta,
Fecha de publicación, distribución, etc. [1954] (
Fabricante Condal)
300 ## - DESCRIPCIÓN FÍSICA
Extensión 193 p., lám. ;
Dimensiones 21 cm.
650 07 - PUNTO DE ACCESO ADICIONAL DE MATERIA--TÉRMINO DE MATERIA
Término de materia o nombre geográfico como elemento de entrada Sexología
Fuente del encabezamiento o término embne
9 (RLIN) 17076
700 1# - ENTRADA AGREGADA--NOMBRE PERSONAL
Nombre de persona Elvira, Pablo.
9 (RLIN) 47124
700 1# - ENTRADA AGREGADA--NOMBRE PERSONAL
Nombre de persona Narbona, Francisco.
9 (RLIN) 84932
852 ## - LOCALIZACIÓN
Ubicación ES-MaACL
Número de control de estantería C-8018
Sublocalización o colección R.35801
Holdings
Estatus retirado Estado de pérdida Estado de daño No para préstamo Biblioteca de origen Biblioteca actual Ubicación en estantería Fecha de adquisición Fuente de adquisición Total de préstamos Signatura topográfica completa Código de barras Visto por última vez Precio de reemplazo Tipo de ítem Koha
        Biblioteca del Ateneo de Madrid Biblioteca del Ateneo de Madrid Sala Palomar 17/01/2008     C-8018 1089832 23/02/2023 23/02/2023 Libro impreso